| 000 | 01257cam a2200313 a 4500 | ||
|---|---|---|---|
| 999 |
_c3947 _d3947 |
||
| 001 | 13327178 | ||
| 003 | GZU | ||
| 005 | 20210310142718.0 | ||
| 008 | 030828s2004 dcu b i001 0 eng | ||
| 010 | _a 2003061376 | ||
| 020 | _a9780821354872 | ||
| 040 |
_aDLC _cDLC _dDLC |
||
| 043 | _ad------ | ||
| 050 | 0 | 0 |
_aK1401 _b.P66 2004 |
| 082 | 0 | 0 |
_a346/.124048 _222 |
| 245 | 0 | 0 |
_aPoor people's knowledge : _bpromoting intellectual property in developing countries / _cedited by J. Michael Finger and Philip Schuler. |
| 260 |
_a[Washington, D.C.] : _bCopublication of the World Bank and Oxford University Press, _cc2004. |
||
| 300 |
_ax, 250 p. ; _c23 cm. |
||
| 440 | 0 | _aTrade and development series | |
| 504 | _aIncludes bibliographical references and index. | ||
| 650 | 0 |
_aIntellectual property _zDeveloping countries. |
|
| 650 | 0 | _aIntellectual property (International law) | |
| 700 | 1 | _aFinger, J. M. | |
| 700 | 1 | _aSchuler, Philip. | |
| 856 | 4 | 2 |
_3Publisher description _uhttp://www.loc.gov/catdir/enhancements/fy0615/2003061376-d.html |
| 906 |
_a7 _bcbc _corignew _d1 _eocip _f20 _gy-gencatlg |
||
| 942 |
_2lcc _cBK _h1401 _iPOO _kPOO _m2004 |
||